Letter 48 minute - Statistics

General Stats
  • This quiz has been taken 7 times
  • The average score is 23 of 24
Answers on the Map
Answers color-coded by a green-red scale on the quiz's map according to % correct below.
 
Answer Stats
Answer % Correct
Australia
100%
Belize
100%
Brazil
100%
Cambodia
100%
Canada
100%
China
100%
France
100%
Guatemala
100%
Guyana
100%
Honduras
100%
Mongolia
100%
Netherlands
100%
Nicaragua
100%
Peru
100%
Russia
100%
Thailand
100%
Turkmenistan
100%
Usa
100%
Vietnam
100%
Colombia
86%
El salvador
86%
Myanmar
86%
New zealand
86%
Laos
71%
No matching quizzes found
Score Distribution
Percent of People with Each Score
Percentile by Number Answered
Your Score History
You have not taken this quiz